| 000 | 00741cem a22002055a 4500 | ||
|---|---|---|---|
| 001 | L140324 | ||
| 008 | 070918n1908 ie a 0 f eng u | ||
| 035 | _a(Sirsi) u140324 | ||
| 041 | 0 | _aeng | |
| 100 | 1 | _aTaylor, Thomas | |
| 245 | 0 | 4 |
_aThe Barony of Newcastle and Upper Cross in the County of Dublin by Tho. Taylor _h[cartographic material] |
| 250 | _aFacsim. | ||
| 255 | _aScale 1:31680 | ||
| 260 |
_aSouthampton _bOrdnance Survey Office _c1908 |
||
| 300 |
_a1 map _c56 x 53 cm. |
||
| 500 | _aThe item is a reproduction of the original map by Thomas Taylor held in the Bibliotheque Nationale, Paris. | ||
| 651 | 4 | _aDublin | |
| 690 | _aENVIRONMENTAL AND LAND CONSULTANCY-GEOMATICS-MAPPING AND POSITIONING-CARTOGRAPHY | ||
| 942 | _n0 | ||
| 999 |
_c116833 _d116833 |
||